Vnímanie fixných nákladov v procese stanovenia ušlého zisku

Problematika fixných nákladov pri vyčísľovaní škody z pohľadu vývoja objemu produkcie. Proces stanovenia charakteru a rozsahu postupov v prípade vyčísľovania ušlého zisku. Identifikovanie rozsahu vzniknutej škody, ktorej spotreba sa transformuje do fixných nákladov.

Saved in:
Bibliographic Details
Main Author: Šagátová, Slavka, 1975-
Format: Book Chapter
Language:Slovak
Subjects:
Tags: Add Tag
No Tags, Be the first to tag this record!

MARC

LEADER 00000naa a2200000 4500
001 0210643
005 20240502073517.3
041 0 |a slo 
044 |a SK 
245 1 0 |a Vnímanie fixných nákladov v procese stanovenia ušlého zisku  |c Slávka Šagátová 
520 |a Problematika fixných nákladov pri vyčísľovaní škody z pohľadu vývoja objemu produkcie. Proces stanovenia charakteru a rozsahu postupov v prípade vyčísľovania ušlého zisku. Identifikovanie rozsahu vzniknutej škody, ktorej spotreba sa transformuje do fixných nákladov. 
610 2 0 |a náklady fixné 
610 2 0 |a náklady výrobné 
610 2 0 |a produkcia 
610 2 0 |a efektívnosť ekonomická 
610 2 0 |a zisk obchodný 
610 2 0 |a strata obchodná 
610 2 0 |a náhrada škody 
100 1 |a Šagátová, Slavka, 1975-